| 000 | 00943cam a2200301 i 4500 | ||
|---|---|---|---|
| 001 | 200468188 | ||
| 003 | TR-AnTOB | ||
| 005 | 20260417162329.0 | ||
| 007 | ta | ||
| 008 | 080624s1963 us 000 0 tur d | ||
| 040 |
_aTR-AnTOB _beng _erda _cTR-AnTOB |
||
| 041 | 0 | _aeng | |
| 050 | 0 | 0 |
_aPS3042 _b.T56 1963 |
| 090 |
_aPS3042 _b.T56 1963 |
||
| 100 | 1 |
_aThoreau, Henry David, _d1817-1862 _944703 |
|
| 245 | 2 |
_aA week on the Concord and Merrimack rivers / _cHenry David Thoreau. |
|
| 264 | 1 |
_aNew York : _bHolt Rinehart and Winston, _c1963. |
|
| 300 |
_a340 pages ; _c21 cm. |
||
| 336 |
_atext _btxt _2rdacontent |
||
| 337 |
_aunmediated _bn _2rdamedia |
||
| 338 |
_avolume _bnc _2rdacarrier |
||
| 504 | _aBIB | ||
| 651 |
_aMerrimack River Valley (N.H. and Mass.) _xGezi ve tanıtım _9112267 |
||
| 651 |
_aConcord River (Mass.) _xGezi ve tanıtım _944669 |
||
| 903 | _aMerkez Kütüphane. | ||
| 942 |
_cBK _2lcc |
||
| 999 |
_c200468188 _d86400 |
||